[Event "Rated Blitz game"]
[Site "?"]
[Date "2021.11.20"]
[Round "?"]
[White "saadsarsam"]
[Black "alaeldin1212"]
[Result "1-0"]
[WhiteElo "2509"]
[BlackElo "2383"]
[PlyCount "95"]
[EventDate "2021.??.??"]
[EventType "blitz"]

1. e4 e5 2. Nf3 d5 3. d3 dxe4 4. dxe4 Qxd1+ 5. Kxd1 Bg4 6. Nbd2 Nc6 7. h3 Bh5
8. c3 Nf6 9. Kc2 Bc5 10. Bb5 Bxf2 11. Nxe5 O-O 12. Nxc6 bxc6 13. Bxc6 Bg3 14.
Nf3 Bg6 15. Bxa8 Rxa8 16. b4 Nxe4 17. Kb3 f5 18. Rd1 a5 19. a4 Bf7+ 20. Kc2
axb4 21. cxb4 c5 22. b5 Bc4 23. Bb2 Bd6 24. Be5 Be7 25. Rd7 Kf8 26. Bxg7+ Ke8
27. Rb7 Bd5 28. Rb6 Nd6 29. Ne5 Be4+ 30. Kc3 Bxg2 31. a5 Ne4+ 32. Kc2 c4 33. a6
Nc5 34. a7 Bd6 35. Nxc4 Be4+ 36. Kc3 Bc7 37. Rc6 Bxc6 38. bxc6 Kf7 39. Bd4 Ne4+
40. Kb4 Ke6 41. Nb6 Bxb6 42. Bxb6 Kd6 43. c7 Kc6 44. Ka5 Kb7 45. Rc1 Rc8 46.
Rf1 Nd6 47. Rf4 Re8 48. Bc5 {Time forfeit} 1-0

[Event "Rated Blitz tournament YE4N2wis"]
[Site "?"]
[Date "2021.11.20"]
[Round "?"]
[White "Fzy-TCC"]
[Black "Bis_Kecil_BKD"]
[Result "1-0"]
[WhiteElo "2418"]
[BlackElo "2441"]
[PlyCount "71"]
[EventDate "2021.??.??"]
[EventType "blitz"]

1. e4 e5 2. Nf3 d5 3. exd5 e4 4. Nd4 Qxd5 5. Nb3 Nf6 6. Nc3 Qe5 7. Be2 Nc6 8.
O-O Bd6 9. g3 h5 10. d4 exd3 11. Bxd3 Be6 12. Bf4 O-O-O 13. Bxe5 Nxe5 14. Nb5
h4 15. Nxd6+ Rxd6 16. f4 Nxd3 17. cxd3 hxg3 18. hxg3 Ng4 19. f5 Ne3 20. fxe6
Nxd1 21. exf7 Rf8 22. Raxd1 Rd7 23. Rde1 Rdxf7 24. Re8+ Rxe8 25. Rxf7 Re2 26.
Nc5 c6 27. Nxb7 Rxb2 28. Nd6+ Kd8 29. Rxg7 Rxa2 30. Nc4 a5 31. Ra7 a4 32. g4
Ke8 33. g5 Kf8 34. g6 Kg8 35. Nd6 Rd2 36. Nf5 {Normal} 1-0

[Event "Rated Blitz game"]
[Site "?"]
[Date "2021.11.20"]
[Round "?"]
[White "NuhiJashari"]
[Black "KamranShirazi"]
[Result "1-0"]
[WhiteElo "2551"]
[BlackElo "2637"]
[PlyCount "53"]
[EventDate "2021.??.??"]
[EventType "blitz"]

1. e4 e5 2. Nf3 d5 3. d4 dxe4 4. Nxe5 Nd7 5. f4 Nxe5 6. fxe5 c5 7. c3 cxd4 8.
cxd4 a6 9. Bc4 b5 10. Bb3 Ne7 11. O-O Be6 12. Nc3 Nd5 13. Nxe4 Be7 14. Qh5 O-O
15. Bg5 Bxg5 16. Nxg5 h6 17. Nxe6 fxe6 18. Rxf8+ Qxf8 19. Rf1 Qb4 20. Qg4 Ne3
21. Bxe6+ Kh8 22. Qe4 Nxf1 23. Qxa8+ Kh7 24. Qg8+ Kg6 25. Qf7+ Kg5 26. Qf5+ Kh4
27. Qg4# {Normal} 1-0

[Event "Rated Blitz game"]
[Site "?"]
[Date "2021.11.20"]
[Round "?"]
[White "maestrocoach"]
[Black "lavilaine"]
[Result "1-0"]
[WhiteElo "2410"]
[BlackElo "2373"]
[PlyCount "43"]
[EventDate "2021.??.??"]
[EventType "blitz"]

1. e4 e5 2. Nf3 d5 3. exd5 Bd6 4. Nc3 f5 5. d4 e4 6. Ne5 Nf6 7. Bb5+ Bd7 8. O-O
O-O 9. Bc4 a6 10. a4 h5 11. Bg5 Qe8 12. Ne2 b5 13. axb5 Bxb5 14. Bb3 Bxe5 15.
dxe5 Qxe5 16. d6+ Kh8 17. Nf4 Be8 18. Ne6 Rg8 19. Nxc7 Ra7 20. Nxe8 Rxe8 21.
Bxf6 Qxf6 22. Qxh5+ {Normal} 1-0

[Event "Rated Blitz game"]
[Site "?"]
[Date "2021.11.20"]
[Round "?"]
[White "Rafael18"]
[Black "Artem_0degov"]
[Result "0-1"]
[WhiteElo "2486"]
[BlackElo "2567"]
[PlyCount "24"]
[EventDate "2021.??.??"]
[EventType "blitz"]

1. e4 e5 2. Nf3 d5 3. Nxe5 Bd6 4. d4 dxe4 5. Bf4 Nf6 6. Bc4 O-O 7. O-O Nbd7 8.
Nd2 Qe7 9. Nxd7 Bxd7 10. Bg3 Rfe8 11. h3 Bxg3 12. fxg3 Qd6 {Normal} 0-1

[Event "Rated Blitz game"]
[Site "?"]
[Date "2021.11.19"]
[Round "?"]
[White "Orlando_Gloom"]
[Black "Konevoyazher"]
[Result "0-1"]
[WhiteElo "2696"]
[BlackElo "2349"]
[PlyCount "60"]
[EventDate "2021.??.??"]
[EventType "blitz"]

1. e4 e5 2. Nf3 d5 3. d3 dxe4 4. dxe4 Qxd1+ 5. Kxd1 Nc6 6. c3 Bg4 7. Bb5 O-O-O+
8. Ke2 f6 9. Bxc6 bxc6 10. Nbd2 Bc5 11. Nc4 Ne7 12. Be3 Bb6 13. a4 Ng6 14. h3
Bxf3+ 15. Kxf3 Bxe3 16. Nxe3 Nf4 17. g3 Nd3 18. Nc4 Nc5 19. Na5 Rd3+ 20. Ke2
Rhd8 21. Rhd1 Rxd1 22. Rxd1 Rxd1 23. Kxd1 Nxe4 24. Ke2 c5 25. Nc6 a6 26. Ke3
Nd6 27. Ne7+ Kd7 28. Nd5 Nc4+ 29. Ke4 Nxb2 30. a5 Nc4 {Time forfeit} 0-1

[Event "Rated Blitz game"]
[Site "?"]
[Date "2021.11.19"]
[Round "?"]
[White "MrNormalName"]
[Black "rofaidah"]
[Result "1-0"]
[WhiteElo "2466"]
[BlackElo "2461"]
[PlyCount "85"]
[EventDate "2021.??.??"]
[EventType "blitz"]

1. e4 e5 2. Nf3 d5 3. Nxe5 Qe7 4. d4 f6 5. Nf3 dxe4 6. Nfd2 Nc6 7. Bb5 Bd7 8.
Bxc6 Bxc6 9. O-O O-O-O 10. Nb3 f5 11. c4 Nf6 12. d5 Bd7 13. Bg5 h6 14. Bxf6
gxf6 15. Qd4 Kb8 16. Nc3 Rg8 17. Nb5 Bxb5 18. cxb5 h5 19. Rac1 Bh6 20. Rc2 Bf4
21. Nc5 Be5 22. Qe3 h4 23. Rd1 Qg7 24. g3 hxg3 25. hxg3 Qh7 26. Ne6 Rh8 27. Kf1
Qh1+ 28. Ke2 Qh5+ 29. Ke1 Rd7 30. Rdc1 Qh1+ 31. Ke2 Qh5+ 32. Ke1 f4 33. Nxf4
Bxf4 34. Qxf4 Qh7 35. a4 Re8 36. a5 e3 37. fxe3 Rde7 38. Rc3 b6 39. d6 cxd6 40.
Qxd6+ Kb7 41. a6+ Ka8 42. Rc8+ Rxc8 43. Rxc8# {Normal} 1-0

[Event "Rated Blitz game"]
[Site "?"]
[Date "2021.11.19"]
[Round "?"]
[White "firmansimbolon"]
[Black "alaeldin1212"]
[Result "0-1"]
[WhiteElo "2413"]
[BlackElo "2382"]
[PlyCount "62"]
[EventDate "2021.??.??"]
[EventType "blitz"]

1. e4 e5 2. Nf3 d5 3. exd5 e4 4. Ne5 Qxd5 5. d4 exd3 6. Nxd3 Nf6 7. Nc3 Qd8 8.
Be2 Be7 9. O-O O-O 10. h3 Nc6 11. Be3 Nd4 12. Bxd4 Qxd4 13. Bf3 c6 14. Re1 Re8
15. Re3 Bf5 16. Qe2 Bd6 17. Rd1 Rxe3 18. fxe3 Qh4 19. e4 Re8 20. Qf2 Bg3 21.
Qxa7 Bxh3 22. gxh3 Qxh3 23. Rd2 h5 24. Rg2 h4 25. e5 Nd7 26. Ne4 Nxe5 27. Nf6+
gxf6 28. Nxe5 Rxe5 29. Be2 Qe6 30. Qd4 Rxe2 31. Rxe2 Qxe2 {Normal} 0-1

[Event "Rated Blitz game"]
[Site "?"]
[Date "2021.11.19"]
[Round "?"]
[White "lygintuvas"]
[Black "Cank876"]
[Result "1-0"]
[WhiteElo "2555"]
[BlackElo "2612"]
[PlyCount "153"]
[EventDate "2021.??.??"]
[EventType "blitz"]

1. e4 e5 2. Nf3 d5 3. exd5 e4 4. Nd4 Nf6 5. Nc3 Bc5 6. Nb3 Bb6 7. Bb5+ Bd7 8.
Bxd7+ Nbxd7 9. O-O O-O 10. d3 exd3 11. Qxd3 Ne5 12. Qe2 Re8 13. Bf4 Ng6 14. Qf3
Nxf4 15. Qxf4 Nxd5 16. Nxd5 Qxd5 17. Rad1 Qc6 18. Rd2 Rad8 19. g3 a5 20. c3 a4
21. Nd4 Qc4 22. Rfd1 Qxa2 23. Nf5 Rxd2 24. Rxd2 Qe6 25. Qg5 Qf6 26. Qxf6 gxf6
27. Kg2 h5 28. h3 Kh7 29. g4 hxg4 30. hxg4 Kg6 31. Nh4+ Kg5 32. Nf3+ Kxg4 33.
Nd4 Rd8 34. f3+ Kh5 35. Rd1 Bxd4 36. cxd4 Kg5 37. Kf2 Kf4 38. Ke2 c5 39. d5 Ke5
40. Ra1 b5 41. Rh1 Rxd5 42. Rh7 Kd6 43. Rxf7 Ke6 44. Rf8 Rd4 45. Re8+ Kd5 46.
Rf8 Kc4 47. Rxf6 Kb3 48. Rf5 Rc4 49. Re5 Kxb2 50. f4 a3 51. Kf3 a2 52. Re2+ Kb3
53. Re1 Kb2 54. f5 Rc2 55. f6 a1=Q 56. Rxa1 Kxa1 57. f7 Rc1 58. Kf2 Rc2+ 59.
Kg3 Rc3+ 60. Kg4 Rc4+ 61. Kg5 b4 62. f8=Q Rc3 63. Qf6 Kb2 64. Kf4 Kb3 65. Ke4
Kb2 66. Qe5 Kb3 67. Kf4 Kc2 68. Qd5 Kb2 69. Qg2+ Kb3 70. Qe2 Ka3 71. Qd2 Kb3
72. Qd1+ Kb2 73. Ke4 Rc2 74. Kd3 Rc3+ 75. Kd2 Ka3 76. Qb1 Rb3 77. Qa1# {Normal}
1-0

[Event "Rated Blitz tournament wwAh2uwG"]
[Site "?"]
[Date "2021.11.19"]
[Round "?"]
[White "jin_GODER"]
[Black "yatayo"]
[Result "0-1"]
[WhiteElo "2203"]
[BlackElo "2466"]
[PlyCount "62"]
[EventDate "2021.??.??"]
[EventType "blitz"]

1. e4 e5 2. Nf3 d5 3. Nxe5 dxe4 4. d4 Nd7 5. Nxd7 Bxd7 6. c4 Nf6 7. Nc3 Bb4 8.
Be2 Bxc3+ 9. bxc3 c6 10. Ba3 Qc7 11. O-O h5 12. h3 Qf4 13. Re1 Ng4 14. Bxg4
hxg4 15. Qc2 f5 16. Bc1 Qd6 17. c5 Qc7 18. g3 Rxh3 19. Bf4 Qa5 20. c4 O-O-O 21.
Rab1 Rdh8 22. Kf1 Be6 23. Qb3 Qa6 24. Rec1 Rh1+ 25. Ke2 Rxc1 26. Rxc1 Rh1 27.
d5 Rxc1 28. dxe6 Qxc4+ 29. Qxc4 Rxc4 30. Bd6 b6 31. Ke3 g5 {Normal} 0-1

[Event "Rated Rapid game"]
[Site "?"]
[Date "2021.11.19"]
[Round "?"]
[White "fiser007"]
[Black "SuperNezh"]
[Result "0-1"]
[WhiteElo "2554"]
[BlackElo "2467"]
[PlyCount "132"]
[EventDate "2021.??.??"]
[EventType "rapid"]

1. e4 e5 2. Nf3 d5 3. Nxe5 Nf6 4. d4 Nxe4 5. Bd3 Nc6 6. Nxc6 bxc6 7. O-O Bd6 8.
c4 O-O 9. Nc3 f5 10. f4 Qf6 11. Be3 Rb8 12. Qc2 Ba6 13. b3 Rbe8 14. Rfe1 Qh6
15. g3 Nf6 16. c5 Bxd3 17. Qxd3 Ng4 18. h4 Be7 19. Bf2 Bxh4 20. gxh4 Nxf2 21.
Kxf2 Qxf4+ 22. Kg2 Rxe1 23. Rxe1 Qxh4 24. Re5 f4 25. Qf3 g5 26. Qf2 f3+ 27. Kg1
Qg4+ 28. Kf1 Qh3+ 29. Kg1 g4 30. Rg5+ Kh8 31. Nd1 Re8 32. Re5 Rf8 33. Qh2 Qxh2+
34. Kxh2 f2 35. Nxf2 Rxf2+ 36. Kg3 Rxa2 37. Re8+ Kg7 38. Re7+ Kg6 39. Kxg4 h5+
40. Kh4 Rd2 41. Rxc7 Rxd4+ 42. Kg3 h4+ 43. Kh3 Rb4 44. Rxc6+ Kg5 45. Rd6 Rxb3+
46. Kg2 h3+ 47. Kh2 Rd3 48. c6 Kg4 49. c7 Rd2+ 50. Kg1 Rc2 51. Rd7 Kg3 52. Rg7+
Kf3 53. Rh7 h2+ 54. Kh1 Rc1+ 55. Kxh2 d4 56. Rf7+ Ke3 57. Kg3 d3 58. Re7+ Kd2
59. Kf3 Rc4 60. c8=Q Rxc8 61. Rxa7 Kd1 62. Rd7 d2 63. Ke3 Rc3+ 64. Kd4 Kc2 65.
Ke4 d1=Q 66. Rxd1 Kxd1 {Normal} 0-1

[Event "Rated Blitz tournament xCwing1r"]
[Site "?"]
[Date "2021.11.19"]
[Round "?"]
[White "Zaynuri"]
[Black "Bis_Kecil_BKD"]
[Result "0-1"]
[WhiteElo "2238"]
[BlackElo "2432"]
[PlyCount "70"]
[EventDate "2021.??.??"]
[EventType "blitz"]

1. e4 e5 2. Nf3 d5 3. d4 dxe4 4. Nxe5 Nd7 5. Nxd7 Bxd7 6. Bc4 Nf6 7. O-O Bd6 8.
f4 h5 9. Be3 Ng4 10. Qe1 Qe7 11. Nd2 O-O-O 12. c3 f5 13. b4 g5 14. a4 Nxe3 15.
Qxe3 gxf4 16. Qe2 h4 17. a5 h3 18. a6 b6 19. Bd5 hxg2 20. Bb7+ Kb8 21. Rf2 f3
22. Nxf3 exf3 23. Qxf3 Bxh2+ 24. Kxg2 Rdg8+ 25. Kf1 Bb5+ 26. Re2 Bxe2+ 27. Qxe2
Rg1+ 28. Kf2 Qxe2+ 29. Kxe2 Rxa1 30. d5 Ra3 31. Kd3 Rh3+ 32. Kc4 Raxc3+ 33. Kb5
Bd6 34. Bc6 Rh4 35. Ka4 Rxb4# {Normal} 0-1

[Event "Rated Blitz game"]
[Site "?"]
[Date "2021.11.19"]
[Round "?"]
[White "Naruito64"]
[Black "Veysi13"]
[Result "1-0"]
[WhiteElo "2471"]
[BlackElo "2283"]
[PlyCount "77"]
[EventDate "2021.??.??"]
[EventType "blitz"]

1. e4 e5 2. Nf3 d5 3. Nxe5 Bd6 4. d4 dxe4 5. Bc4 Bxe5 6. Qh5 Qe7 7. Qxe5 Qxe5
8. dxe5 Nc6 9. Bf4 Bf5 10. O-O Nge7 11. Bg3 Ng6 12. Bb5 O-O 13. Bxc6 bxc6 14.
Nc3 Rfe8 15. Rfe1 Rab8 16. b3 Nxe5 17. Nxe4 Ng6 18. Bxc7 Ra8 19. Nd6 Rxe1+ 20.
Rxe1 Bxc2 21. Rc1 Bd3 22. Rxc6 h6 23. Rc3 Nf4 24. Kh1 Nd5 25. Rxd3 Nxc7 26.
Nxf7 Ne6 27. Ne5 Nc5 28. Rd5 Ne4 29. f3 Rc8 30. h4 Ng3+ 31. Kh2 Nf1+ 32. Kh3
Rc2 33. Rd8+ Kh7 34. h5 Rc5 35. Re8 Ne3 36. g4 Nd5 37. Ng6 Nf4+ 38. Nxf4 Rxh5+
39. gxh5 {Normal} 1-0

[Event "Rated Blitz game"]
[Site "?"]
[Date "2021.11.19"]
[Round "?"]
[White "Ragnaron"]
[Black "RCompany_1"]
[Result "0-1"]
[WhiteElo "2420"]
[BlackElo "2399"]
[PlyCount "27"]
[EventDate "2021.??.??"]
[EventType "blitz"]

1. e4 e5 2. Nf3 d5 3. exd5 e4 4. Qe2 Nf6 5. Nc3 Be7 6. Nxe4 Nxd5 7. d4 O-O 8.
Qd1 Re8 9. Bd3 Bb4+ 10. c3 f5 11. Bc4 Rxe4+ 12. Kf1 Be7 13. Qb3 c6 14. Nd2 {
Normal} 0-1

[Event "Rated Blitz game"]
[Site "?"]
[Date "2021.11.19"]
[Round "?"]
[White "ReptileRick"]
[Black "batasjon"]
[Result "1-0"]
[WhiteElo "2475"]
[BlackElo "2391"]
[PlyCount "81"]
[EventDate "2021.??.??"]
[EventType "blitz"]

1. e4 e5 2. Nf3 d5 3. Nxe5 Bd6 4. d4 dxe4 5. Nc4 Nf6 6. Nxd6+ Qxd6 7. Be2 O-O
8. O-O Nc6 9. Be3 Rd8 10. c3 Ne7 11. Nd2 h6 12. Qc2 Bf5 13. Nc4 Qe6 14. Ne5
Nfd5 15. a4 a5 16. Rfe1 c6 17. Nc4 Bh7 18. Nd2 f5 19. Nc4 g5 20. Ne5 f4 21. Bc1
f3 22. Bf1 Rf8 23. g3 Rae8 24. Be3 Nf5 25. Bc4 Kh8 26. Bxd5 cxd5 27. Rec1 Nxd4
28. Bxd4 Kg8 29. Qd1 e3 30. fxe3 f2+ 31. Kg2 Be4+ 32. Kf1 Qh3+ 33. Ke2 f1=Q+
34. Qxf1 Rxf1 35. Rxf1 Qg2+ 36. Rf2 Qh3 37. Raf1 Rxe5 38. Bxe5 Qg4+ 39. Kd2 Bg6
40. Rf8+ Kh7 41. Rh8# {Normal} 1-0

[Event "Rated Blitz game"]
[Site "?"]
[Date "2021.11.19"]
[Round "?"]
[White "Hopeim"]
[Black "Cank876"]
[Result "0-1"]
[WhiteElo "2536"]
[BlackElo "2633"]
[PlyCount "86"]
[EventDate "2021.??.??"]
[EventType "blitz"]

1. e4 e5 2. Nf3 d5 3. exd5 e4 4. Qe2 Qe7 5. Nd4 Nf6 6. Nc3 Nbd7 7. d3 exd3 8.
Qxe7+ Bxe7 9. Bxd3 Nb6 10. Bb5+ Bd7 11. Nf5 Bb4 12. Bxd7+ Kxd7 13. O-O Bxc3 14.
bxc3 g6 15. Ne3 Nfxd5 16. Rd1 Kc6 17. Nxd5 Nxd5 18. c4 Nb6 19. Bb2 Rhe8 20. Rd4
Rad8 21. Rad1 Rxd4 22. Bxd4 Nxc4 23. Kf1 Na3 24. Bb2 Nc4 25. Bc1 Re6 26. h4 Rd6
27. Rd3 Rxd3 28. cxd3 Ne5 29. Ke2 Kd5 30. Bb2 h5 31. f3 c5 32. a4 b6 33. Ke3 a6
34. Kf4 Nxd3+ 35. Kg5 Nxb2 36. Kf6 c4 37. Kxf7 c3 38. Kxg6 c2 39. f4 c1=Q 40.
f5 Qf4 41. f6 Qg4+ 42. Kh7 Ke6 43. f7 Kxf7 {Normal} 0-1

[Event "Rated Blitz tournament wwAh2uwG"]
[Site "?"]
[Date "2021.11.19"]
[Round "?"]
[White "Vyka"]
[Black "Adim_Ayub"]
[Result "1-0"]
[WhiteElo "2510"]
[BlackElo "2271"]
[PlyCount "115"]
[EventDate "2021.??.??"]
[EventType "blitz"]

1. e4 e5 2. Nf3 d5 3. Nxe5 Bd6 4. d4 dxe4 5. Qh5 Bxe5 6. dxe5 Ne7 7. Nc3 Bf5 8.
Bg5 Bg6 9. Qh4 Nbc6 10. Bb5 Qd7 11. O-O h6 12. Bxe7 Qxe7 13. Qxe7+ Kxe7 14.
Bxc6 bxc6 15. Rfe1 Rab8 16. b3 e3 17. Rxe3 Bxc2 18. Na4 Rhd8 19. h3 Rd2 20. Rc1
Rbd8 21. Rc3 Be4 22. Nc5 Bd5 23. R3c2 Rd4 24. Kh2 Rf4 25. f3 Rd4 26. Re1 a5 27.
Nb7 Ra8 28. Kg3 a4 29. Nc5 axb3 30. axb3 Ra3 31. Re3 Ra1 32. Nd3 Bxb3 33. Rxc6
Rd7 34. Nc5 Rd5 35. Nxb3 Ra7 36. Nc5 g6 37. Ne4 Kd7 38. Rc5 Rd1 39. Nf6+ Ke7
40. Nd5+ Ke6 41. Nxc7+ Kd7 42. Nb5 Ra6 43. Nc3 Re6 44. Nxd1 Ke7 45. Rc2 Ra6 46.
Rce2 Ra5 47. Kf2 h5 48. Nc3 h4 49. Ne4 Ra4 50. f4 Ke6 51. Kf3 Kf5 52. Ng5 f6
53. exf6 Kxf6 54. Re6+ Kg7 55. R2e4 Kh6 56. Rxa4 Kh5 57. Ra7 Kh6 58. Rh7# {
Normal} 1-0

[Event "Rated Blitz game"]
[Site "?"]
[Date "2021.11.19"]
[Round "?"]
[White "VBZhadanov"]
[Black "Bakiuzumaki"]
[Result "0-1"]
[WhiteElo "2406"]
[BlackElo "2318"]
[PlyCount "100"]
[EventDate "2021.??.??"]
[EventType "blitz"]

1. e4 e5 2. Nf3 d5 3. exd5 Bd6 4. Bb5+ c6 5. dxc6 bxc6 6. Bc4 Nf6 7. O-O O-O 8.
d4 e4 9. Nfd2 Bf5 10. h3 Nbd7 11. Re1 Nb6 12. Bb3 Nbd5 13. Bxd5 cxd5 14. Nf1
Bc7 15. Bg5 h6 16. Bh4 g5 17. Bg3 Bg6 18. Nbd2 Nh5 19. Bxc7 Qxc7 20. Ne3 Rad8
21. Ng4 f5 22. Ne5 Be8 23. Nb3 Nf4 24. Nc5 Bh5 25. Qd2 Kh7 26. Kh2 Rf6 27. Kg1
Ne6 28. Nxe6 Rxe6 29. g4 fxg4 30. hxg4 Rxe5 31. gxh5 Rf5 32. Re3 Rdf8 33. Rf1
Qf7 34. Rg3 Qxh5 35. c4 Rf4 36. Qb4 Rh4 37. Qe7+ Rf7 38. Qxf7+ Qxf7 39. Kg2
dxc4 40. Re1 Qd5 41. Rd1 e3+ 42. f3 e2 43. Re1 Qe6 44. Kf2 Rxd4 45. Rxe2 Qf6
46. Rh3 Rd7 47. Kg3 Qf4+ 48. Kf2 Rf7 49. Rg3 h5 50. Kf1 g4 {Time forfeit} 0-1

[Event "Rated Blitz game"]
[Site "?"]
[Date "2021.11.19"]
[Round "?"]
[White "Hietala85"]
[Black "RCompany_1"]
[Result "0-1"]
[WhiteElo "2410"]
[BlackElo "2403"]
[PlyCount "116"]
[EventDate "2021.??.??"]
[EventType "blitz"]

1. e4 e5 2. Nf3 d5 3. exd5 e4 4. Qe2 Nf6 5. Nc3 Be7 6. d3 exf3 7. Qxf3 O-O 8.
h3 Bb4 9. Be2 Nxd5 10. O-O Bxc3 11. bxc3 Nxc3 12. Ba3 Re8 13. Rfe1 Nxe2+ 14.
Rxe2 Rxe2 15. Qxe2 Nc6 16. Re1 Be6 17. g4 h6 18. f4 Nd4 19. Qf2 b6 20. f5 Bc8
21. Qg2 Bd7 22. Be7 Qe8 23. Qd5 c5 24. Bh4 Qc8 25. Re7 Be8 26. f6 Qc6 27. Qxc6
Bxc6 28. Kf2 Nxc2 29. fxg7 Kxg7 30. g5 h5 31. Rc7 Nd4 32. Bg3 a5 33. Be5+ Kg6
34. Bxd4 cxd4 35. Rxc6+ Kxg5 36. Rxb6 Rc8 37. Rb5+ f5 38. Rxa5 Kf4 39. Ra4 Rc2+
40. Ke1 Ke3 41. Kd1 Rh2 42. Ra3 f4 43. Ra8 Kxd3 44. Ke1 f3 45. a4 Ra2 46. Rf8
Ke3 47. Re8+ Kf4 48. Rf8+ Kg3 49. Rd8 f2+ 50. Kf1 Ra1+ 51. Ke2 f1=Q+ 52. Kd2
Qf3 53. Rg8+ Kh4 54. Rf8 Qc3+ 55. Ke2 Re1+ 56. Kf2 Qe3+ 57. Kg2 Rg1+ 58. Kh2
Qg3# {Normal} 0-1

[Event "Rated Blitz tournament 2I4tzqnt"]
[Site "?"]
[Date "2021.11.19"]
[Round "?"]
[White "aquiles88"]
[Black "rato23"]
[Result "1-0"]
[WhiteElo "2407"]
[BlackElo "2216"]
[PlyCount "73"]
[EventDate "2021.??.??"]
[EventType "blitz"]

1. e4 e5 2. Nf3 d5 3. Nxe5 Bd6 4. d4 dxe4 5. Nc4 f5 6. Nxd6+ cxd6 7. Nc3 Nf6 8.
Bg5 Be6 9. Bb5+ Nbd7 10. d5 Bf7 11. Qd4 O-O 12. Bxd7 Qxd7 13. Bxf6 gxf6 14. O-O
b5 15. Qxf6 b4 16. Ne2 Bxd5 17. Qg5+ Kh8 18. Nf4 Bb7 19. Rad1 d5 20. Qh5 Rf6
21. Rd4 Rg8 22. Rfd1 Qg7 23. g3 Rd6 24. Nxd5 f4 25. c3 fxg3 26. hxg3 bxc3 27.
bxc3 Re6 28. Ne3 Re7 29. Rd8 Rf7 30. Nf5 Qf6 31. Rxg8+ Kxg8 32. Nh6+ Kg7 33.
Qxf7+ Qxf7 34. Nxf7 Kxf7 35. Rd7+ Ke6 36. Rxb7 e3 37. fxe3 {Normal} 1-0

[Event "Rated Blitz game"]
[Site "?"]
[Date "2021.11.19"]
[Round "?"]
[White "Brenjos"]
[Black "Cank876"]
[Result "1/2-1/2"]
[WhiteElo "2625"]
[BlackElo "2543"]
[PlyCount "148"]
[EventDate "2021.??.??"]
[EventType "blitz"]

1. e4 e5 2. Nf3 d5 3. exd5 e4 4. Qe2 Qe7 5. Nd4 Nf6 6. Nc3 Nbd7 7. d3 exd3 8.
Qxe7+ Bxe7 9. Bxd3 Nb6 10. O-O Nfxd5 11. Nxd5 Nxd5 12. Re1 O-O 13. Bc4 Bf6 14.
Bxd5 Bxd4 15. c3 Bf6 16. Bf4 c6 17. Bb3 Bf5 18. Be5 Bg5 19. f4 Bh4 20. g3 Bd8
21. Rad1 Bb6+ 22. Kg2 Rad8 23. h3 Rfe8 24. g4 Be6 25. Rxd8 Rxd8 26. Bxe6 Rd2+
27. Kf3 fxe6 28. Re2 Rd3+ 29. Kg2 Kf7 30. h4 Rd1 31. h5 h6 32. b3 g6 33. hxg6+
Kxg6 34. c4 h5 35. gxh5+ Kxh5 36. Kf3 Kg6 37. Ke4 Rg1 38. b4 Kf7 39. c5 Bd8 40.
Rd2 Ke8 41. Rh2 Re1+ 42. Kd3 Rb1 43. Rh8+ Kd7 44. Rh7+ Ke8 45. Rxb7 a5 46. b5
Rxb5 47. Rxb5 cxb5 48. c6 Bb6 49. Bd6 Bd8 50. c7 Bxc7 51. Bxc7 a4 52. Kc3 Kd7
53. Be5 Kc6 54. Kb4 Kb6 55. a3 Kc6 56. Bg7 Kb6 57. Bf6 Kc6 58. Bd8 Kd7 59. Ba5
Kc6 60. Bd8 Kd7 61. Bh4 Kc6 62. Bf2 Kd5 63. Kxb5 Ke4 64. Bg3 Kf3 65. Bh4 Kxf4
66. Kxa4 Ke5 67. Kb5 Kd6 68. Kb6 e5 69. a4 e4 70. a5 Ke5 71. a6 Kf4 72. a7 Kg4
73. a8=Q Kf3 74. Qxe4+ Kxe4 {Normal} 1/2-1/2

[Event "Rated Blitz game"]
[Site "?"]
[Date "2021.11.19"]
[Round "?"]
[White "janowsky"]
[Black "RCompany_1"]
[Result "0-1"]
[WhiteElo "2425"]
[BlackElo "2405"]
[PlyCount "68"]
[EventDate "2021.??.??"]
[EventType "blitz"]

1. e4 e5 2. Nf3 d5 3. Nxe5 Bd6 4. d4 dxe4 5. Nc4 Be7 6. Nc3 Nf6 7. Bg5 Nc6 8.
d5 Nxd5 9. Qxd5 Bxg5 10. Qxe4+ Be6 11. Bd3 Qd4 12. Qxd4 Nxd4 13. O-O O-O-O 14.
f4 Be7 15. Rae1 Bc5 16. Kh1 Bxc4 17. Bxc4 Nxc2 18. Re5 Bd6 19. Re4 Rhf8 20. a3
Bc5 21. Rc1 Ne3 22. b4 Nxc4 23. Rxc4 Bb6 24. a4 Rd4 25. Rxd4 Bxd4 26. Nb5 Bb6
27. a5 Be3 28. Rxc7+ Kb8 29. Rc4 Rc8 30. Rxc8+ Kxc8 31. g3 Kd7 32. Na3 Bd2 33.
Nc2 Kc6 34. Kg2 Kb5 {Time forfeit} 0-1

[Event "Rated Blitz game"]
[Site "?"]
[Date "2021.11.19"]
[Round "?"]
[White "Muber"]
[Black "Tengo1000cuentas"]
[Result "1/2-1/2"]
[WhiteElo "2451"]
[BlackElo "2278"]
[PlyCount "30"]
[EventDate "2021.??.??"]
[EventType "blitz"]

1. e4 e5 2. Nf3 d5 3. exd5 Nf6 4. Nxe5 Qxd5 5. Nf3 Bg4 6. Be2 Bd6 7. h3 Qh5 8.
d4 Nc6 9. O-O Bxh3 10. gxh3 Qxh3 11. Re1 Qg4+ 12. Kh1 Qh3+ 13. Kg1 Qg4+ 14. Kh1
Qh3+ 15. Kg1 Qg4+ {Normal} 1/2-1/2

[Event "Rated Blitz game"]
[Site "?"]
[Date "2021.11.19"]
[Round "?"]
[White "Vishyking64"]
[Black "Annali-annaliew1979"]
[Result "0-1"]
[WhiteElo "2584"]
[BlackElo "2446"]
[PlyCount "32"]
[EventDate "2021.??.??"]
[EventType "blitz"]

1. e4 e5 2. Nf3 d5 3. exd5 e4 4. Qe2 f5 5. d3 Nf6 6. Nc3 Bb4 7. Bg5 Bxc3+ 8.
bxc3 O-O 9. Ne5 Qxd5 10. d4 Be6 11. g3 Nc6 12. Nxc6 Qxc6 13. Bxf6 Qxc3+ 14. Qd2
Qxa1+ 15. Ke2 Rxf6 16. d5 Rd8 {Normal} 0-1

[Event "Rated Blitz game"]
[Site "?"]
[Date "2021.11.19"]
[Round "?"]
[White "Nehs18"]
[Black "batasjon"]
[Result "1-0"]
[WhiteElo "2287"]
[BlackElo "2421"]
[PlyCount "41"]
[EventDate "2021.??.??"]
[EventType "blitz"]

1. e4 e5 2. Nf3 d5 3. exd5 e4 4. Qe2 Nf6 5. d3 Qxd5 6. Nbd2 Nc6 7. dxe4 Qh5 8.
Qb5 Bc5 9. Be2 a6 10. Qb3 O-O 11. c3 Re8 12. O-O h6 13. Re1 Ng4 14. Rf1 Be6 15.
Qxb7 Nd4 16. cxd4 Ra7 17. Qc6 Rd8 18. Qxc5 f5 19. Qxa7 fxe4 20. Nxe4 Rf8 21.
Ng3 {Normal} 1-0

[Event "Rated Blitz game"]
[Site "?"]
[Date "2021.11.19"]
[Round "?"]
[White "Agostinho_Carrara"]
[Black "Bergerac1985"]
[Result "0-1"]
[WhiteElo "2422"]
[BlackElo "2291"]
[PlyCount "112"]
[EventDate "2021.??.??"]
[EventType "blitz"]

1. e4 e5 2. Nf3 d5 3. exd5 e4 4. Qe2 Nf6 5. Nc3 Be7 6. Nxe4 O-O 7. d3 Nxd5 8.
Qd1 Re8 9. Be2 f5 10. Nc3 Bb4 11. Bd2 Bxc3 12. bxc3 Qf6 13. c4 Nc3 14. Bxc3
Qxc3+ 15. Nd2 Nc6 16. O-O Nd4 17. Bh5 g6 18. Bf3 c6 19. Rc1 Bd7 20. Nb3 Nxf3+
21. Qxf3 Re7 22. Qf4 Rae8 23. Qd4 Qxd4 24. Nxd4 a6 25. Nf3 c5 26. Rfe1 Bc6 27.
Rxe7 Rxe7 28. Re1 Rxe1+ 29. Nxe1 Kf7 30. f3 Ke6 31. Kf2 Ke5 32. Ke3 f4+ 33. Kd2
b5 34. c3 Bd7 35. cxb5 axb5 36. Nc2 Be6 37. Na3 b4 38. cxb4 cxb4 39. Nc2 b3 40.
axb3 Bxb3 41. Kc3 Ba4 42. d4+ Kd6 43. Nb4 Bd1 44. Nd3 g5 45. Nf2 Be2 46. Ne4+
Kd5 47. Nxg5 Bf1 48. g4 Bg2 49. Nxh7 Bxf3 50. g5 Ke6 51. Nf6 Kf5 52. h4 Bd1 53.
d5 f3 54. Kd3 f2 55. Ne4 f1=Q+ 56. Kd4 Qf4 {Normal} 0-1